Die sexuelle Untreue der Frau : eine sozial-medizinische Studie /

সংরক্ষণ করুন:
গ্রন্থ-পঞ্জীর বিবরন
প্রধান লেখক: Kisch, Heinrich E. (লেখক)
বিন্যাস: গ্রন্থ
ভাষা:জার্মান
প্রকাশিত: Bonn : Marcus & Weber's, 1917
বিষয়গুলি:
ট্যাগগুলো: ট্যাগ যুক্ত করুন
কোনো ট্যাগ নেই, প্রথমজন হিসাবে ট্যাগ করুন!

MARC

LEADER 00000nam a22000007i 4500
001 IT\ICCU\UBO\3513746
003 ItRI
005 20260115232307.0
008 081029s1917 gw |||||| ||||| |||||c
040 |b ita  |c importazione bologna sebina 
041 7 |a ger  |2 ISO-639-2 
100 1 |a Kisch, Heinrich E.  |0 IT\ICCU\UBOV\728695  |4 aut 
245 1 4 |a Die sexuelle Untreue der Frau :  |b eine sozial-medizinische Studie /  |c von E. Heinrich Kisch. 
260 |a Bonn :  |b Marcus & Weber's,  |c 1917 
300 |a VIII, 208 p. ;  |c 20 cm. 
650 7 |a Donna  |x Psicologia  |x Comportamento sessuale  |2 scbi 
942 |2 ddc  |c BK  |n 0 
952 |0 0  |1 0  |4 0  |6 DOC_306_736000000000000_KIS  |7 0  |9 23714  |a BO  |b BO  |d 2026-01-15  |i 1514  |l 0  |o DOC 306.736 KIS  |p BO1514  |r 2026-01-15 23:23:07  |w 2026-01-15  |x [Sebina 7] [1 v.]  |y BK  |z 1 v. 
999 |c 20194  |d 20194